000 00440nam a2200181Ia 4500
001 11314
005 20260306162819.0
008 260306t1982||||xx |||||||||||||| ||spa||
041 _aESP
082 _a985.03
_bL539
100 _aLewin, Boleslao
_eAUT
245 0 _aTúpac Amaru:
_bsu época - su lucha - su hado
260 _c1982
300 _a198 páginas :
_c20 cm.
650 _aGEN
654 _aCHU
942 _cLIB
_dJUS
_fJUS
_2ddc
_n
999 _c11314
_d11314